00695nam a2200241 a 4500001001300000003000900013005001700022008004100039020001000080082001900090100001900109245002500128260004700153300000900200500003500209505001000244650001600254700001900270902000800289942000700297952013400304999001500438nice12345678IN_TiNIC20260116011830.0050524s0000 kara grp 000 0 eng  ac10000a954.0258bHUS1 aHusain, Mahmud aDream of Tipu Sultan aKarachibPakistan Historical Societyc0000 a106p aincludes index and biblioraphy2 aIndex aTipu Sultan1 aHusain, Mahmud bSRS cBK 001040708StackRoom-aHMIbHMId2007-04-04g100.00l2m2o954.0258 HUS1p05768r2016-10-05s2016-04-07v100.00w2005-05-24yBK c4288d4288